| LEADER | 00894nam a2200205 4500 | ||
|---|---|---|---|
| 082 | |a 398.9 |b V500NG | ||
| 100 | |a Vũ Ngọc Phan | ||
| 245 | |a Vũ Ngọc Phan toàn tập |c Vũ Ngọc Phan |n T.3 | ||
| 260 | |a H. |b Văn học |c 2010 | ||
| 300 | |a 1027 tr. |c 21 cm | ||
| 520 | |a v.v... | ||
| 653 | |a Văn học dân gian | ||
| 653 | |a Việt Nam | ||
| 653 | |a Tục ngữ | ||
| 653 | |a Ca dao | ||
| 653 | |a Dânca | ||
| 942 | |2 ddc |c STK0 | ||
| 999 | |c 3234 |d 3234 | ||
| 952 | |0 0 |1 0 |2 ddc |4 0 |6 398_900000000000000_V500NG |7 1 |8 800 |9 35604 |a qbu |b qbu |c D2 |d 2014-12-16 |g 204000 |o 398.9 V500NG |p 3423.c1 |r 0000-00-00 |w 2014-12-16 |y STK0 |0 0 |6 398_900000000000000_V500NG |0 0 |6 398_900000000000000_V500NG | ||
| 952 | |0 0 |1 0 |2 ddc |4 0 |6 398_900000000000000_V500NG |7 0 |8 800 |9 35605 |a qbu |b qbu |c D2 |d 2014-12-16 |g 204000 |l 1 |o 398.9 V500NG |p 3423.c2 |r 2015-05-04 |s 2015-04-27 |w 2014-12-16 |y STK0 |0 0 |6 398_900000000000000_V500NG |0 0 |6 398_900000000000000_V500NG | ||